000 02582cam a2200277 a 4500
020 _a0521414636
020 _a9780521414630
020 _a0521424925
020 _a9780521424929
040 _cDLC
082 0 0 _a609 CAM 1994 A042 Or.
100 1 _aMorris-Suzuki, Tessa
245 1 4 _aThe technological transformation of Japan :
_bfrom the seventeenth to the twenty-first century /
300 _aix, 304 pages :
_billustrations, maps ;
_c23 cm
520 _aFor the past four decades, Japan has been at the forefront of much of the latest technology, becoming an industrial superpower in the process. Yet Japan's status as a technological leader in many fields is the result of historical processes over centuries. From Japan's period of isolation, independent of the west, through to the industrialization of the Meiji Era to the hi-tech status the country has today, the story of Japan's technological development is a fascinating one. This landmark book is the first general English-language study of the history of technology in modern Japan
520 8 _aA survey of the major developments in Japanese technology and industrial policy the book also reinterprets the processes of technological change in Japanese society. Japan's rapid technological transformation is usually attributed to far-sighted government policies or to the innovative management techniques of large Japanese companies. This book gives an alternative explanation based an the concept of social networks of information. Tessa Morris-Suzuki argues that new ideas were conveyed quickly from large 'modern' enterprises to small traditional workshops and factories often in remote parts of the country. This transfer was possible because of the nature of social institutions which had begun to develop before the opening of Japan to the west and which were maintained after contact
520 8 _aThe book also includes a number of case studies which look at the silk, ceramics, brewing and iron industries in pre-modern times and the steel, chemical and electrical machinery industries of more recent times. Impressive for its scope, insight and clarity, the book also considers the social costs of rapid technological change. It will be read not only by people interested in modern and pre-modern Japan, but by those who wish to learn from the 'Japanese phenomenon'
650 0 _aTechnology
650 0 _aTechnology
650 0 _aTechnological innovations
650 4 _aTecnolog©Ưa
650 4 _aInnovaciones t©♭cnicas
650 2 _aTechnology
650 2 _aTechnology
942 _cEK
999 _c12887
_d12887